| 000 | 00908nam a2200265 i 4500 | ||
|---|---|---|---|
| 001 | bg | ||
| 100 | 1 | _aLEINWAND, Allan | |
| 245 | 1 | 0 |
_aKonfiguracja ruterów Cisco : _bpraktyczne wprowadzenie do konfiguracji Cisco IOS / _cAllan Leinwand, Bruce Pinsky, Mark Culpepper ; [tł. Andrzej Miron (rozdz. _n1-3), Grzegorz Werner (rozdz. _n4), Tomasz Dutkowiak (rozdz. _n5-8). |
| 246 |
_iTyt. oryg.: _aCisco router configuration |
||
| 260 |
_aWarszawa : _bRM, _ccop. 2000. |
||
| 300 |
_a316 s. : _brys. ; _c24 cm. |
||
| 500 | _aOryg.: "Cisco router configuration". | ||
| 504 | _aIndeks. | ||
| 650 | 9 |
_aSieć komputerowa _xbudowa i organizacja |
|
| 655 | _aPodręczniki | ||
| 700 | 1 | _aPINSKY, Bruce | |
| 700 | 1 | _aCULPEPPER, Mark | |
| 020 | _a8372430403 | ||
| 040 | _cBPK | ||
| 041 | 1 |
_apl _hen |
|
| 080 | _a004.7(07) | ||
| 920 | _a83-7243-040-3 | ||
| 942 | _cKS | ||
| 008 | s pl f |000 0 pol | ||
| 999 |
_c38282 _d38282 |
||
| 856 |
_uhttp://koha.tu.koszalin.pl/cgi-bin/koha/opac-detail.pl?biblionumber=38282 _yKatalog online BPK |
||